Dzień w historii Polski - luty - Statystyki

Ogólne statystyki
  • Ten quiz został rozwiązany 46 razy
  • Średni wynik to 11 z 29
Statystyki odpowiedzi
Data Rok Wskazówka Odpowiedź % Poprawnych
12 lut 1386 Nowo wybrany król Polski, Władysław II Jagiełło przybył do tego ważnego polskiego miasta Kraków
91%
7 lut 2010 W Warszawie rozlosowano grupy eliminacyjne do tego turnieju piłkarskiego, który będzie mieć miejsce w Polsce i na Ukrainie (podaj także rok, w którym będzie rozgrywany) UEFA Euro 2012
80%
17 lut 1941 Ten późniejszy katolicki święty został aresztowany przez Gestapo Maksymilian Maria Kolbe
66%
2 lut 1921 Podpisano układ sojusznicy z tym państwem Francja
64%
13 lut 1241 Te imperium zdobyło oraz spaliło Sandomierz Imperium mongolskie
61%
6 lut 1633 Ten król Polski został koronowany na katedrze na Wawelu Władysław IV Waza
61%
1 lut 1947 Utworzono politechnikę w tym polskim mieście Szczecin
57%
11 lut 1981 Ten minister obrony narodowej został premierem PRL-u Wojciech Jaruzelski
55%
16 lut 1919 W Tewirze podpisano rozejm kończący te powstanie narodowe Powstanie wielkopolskie
52%
10 lut 1326 Władysław I Łokietek wraz z pomocą wojsk litewskich najechał na tą krainę historyczną, obecnie jednego z landów Niemiec Brandenburgia
45%
21 lut 1846 Wybuchło to powstanie narodowe Powstanie krakowskie
45%
4 lut 1585 Ten król zatwierdził przywilej fundacyjny kolegium jezuitów w Nieświeżu Stefan Batory
45%
5 lut 1454 Podczas tej wojny, w Gdańsku wybuchło powstanie przeciwko Zakonowi Krzyżackiemu Wojna {trzynastoletnia}
45%
29 lut 1936 Zakończono budowę kolei liniowej na ten szczyt w Karpatach Kasprowy Wierch
41%
28 lut 1483 Ten król nadał prawa miejskie Sędziszowowi Małopolskiemu. Kazimierz IV Jagiellończyk
41%
25 lut 1919 To państwo uznało niepodległość Polski Wielka Brytania
39%
18 lut 1386 W tym budynku odbył się ślub Jadwigi Andegaweńskiej oraz Władysława Jagiełły Katedra wawelska
32%
19 lut 1973 Otwarto planetarium w tym mieście, obecnie drugie największe w Polsce Olsztyn
27%
26 lut 1927 Ten symbol został uznany za oficjalny symbol narodowy Hymn Polski
25%
14 lut 2015 Ten warszawski most spłonął, przez co wyłączono go z użytku do października tego roku (2015) Most {Łazienkowski}
25%
15 lut 1282 Na zjeździe w Kępnie książę pomorski Mściwoj II i i ten książę wielkopolski zawarli porozumienie o zjednoczeniu swoich ziem Przemysł II
25%
27 lut 1990 Polska i ten kraj wznowiły stosunki dyplomatyczne po 23 latach Izrael
23%
23 lut 1807 Wojska pod przywództwem tego generała zdobyły Tczew Jan Henryk Dąbrowski
23%
24 lut 1272 Książę Władysław Opolski nadał prawa miejskie temu miastu (Podpowiedź: zaczyna się na literę Ż) Żory
23%
3 lut 1018 Bolesław I Chrobry ożenił się z tą córką Ekkeharda I Oda Miśnieńska
18%
8 lut 1512 Na katedrze wawelskiej odbył się ślub Zygmunta I Starego i tej córki węgierskiego magnata Barbara Zapolya
14%
20 lut 1948 Otwarto pierwszą powojenną trasę promową między Świnoujściem a tym szwedzkim miastem Trelleborg
11%
22 lut 1925 Założono ogólnokrajowy związek tego sportu Hokej na lodzie
5%
9 lut 1667 Podpisano rozejm andruszowski kończący tą wojnę IV wojna polsko-rosyjska
5%
Nie znaleziono quizów pasujących do podanych kryteriów
Rozkład punktacji
Procent ludzi z każdym wynikiem
Percentyl według liczby udzielonych odpowiedzi
Twoja historia wyników
Nie rozwiązałeś tego quizu